000 00268nam a2200121 a 4500
005 20141022142006.0
008 080925s19uu xx 00 eng d
050 _aVCD
_bT43 1999
245 _aThe titanic.
650 _aVCD.
650 _aThe titanic.
942 _cAVM
999 _c276507
_d276507